Biodegradación de los fondos de los tanques de almacenamiento de crudo liviano

Guardado en:
Bibliografiske detaljer
Hovedforfatter: Maroto Hernández, Alexander
Format: Bog
Udgivet: San José, C.R. 1996
Fag:
Tags: Tilføj Tag
Ingen Tags, Vær først til at tagge denne postø!

MARC

LEADER 00000nam a2200000Ia 4500
003 008146
005 20221231144234.0
008 140114s1997 cr a m 000 ||s d
040 |c cru CEDI 
090 |a TFG 3613 
100 |a Maroto Hernández, Alexander  |9 9627 
245 |a Biodegradación de los fondos de los tanques de almacenamiento de crudo liviano 
260 |c 1996  |a  San José, C.R. 
300 |a ix, 121 hojas : ilustraciones (algunas a color)  
500 |a  Proyecto de graduación (licenciatura en ingeniería química)--Universidad de Costa Rica. Facultad de Ingeniería. Escuela de Ingeniería Química 
650 |x BIODEGRADACION   |x RESIDUOS DEL PETROLEO - COSTA RICA  |9 9628 
942 |c TFG 
999 |c 18894  |d 18894